Mázsás öltözet [kép]

Elmentve itt :
Bibliográfiai részletek
Dokumentumtípus: Cikk
Megjelent: 1964-08-25
Sorozat:Délmagyarország 54 No. 198
Kulcsszavak:Világháborús károk elhárítása vasúti hídroncs Szeged 1964, Búvárkodás Szeged 1964, hidak
Online Access:http://dmarchiv.bibl.u-szeged.hu/69790
LEADER 00485nab a2200145 i 4500
001 delm69790
005 20180927153742.0
008 180927s1964 hu o 0|| hun d
040 |a SZTE Délmagyarország Archívum  |b hun 
041 |a hun 
245 0 0 |a Mázsás öltözet   |h [elektronikus dokumentum] :  |b [kép] 
260 |c 1964-08-25 
300 |a 1 
490 0 |a Délmagyarország  |v 54 No. 198 
695 |a Világháborús károk elhárítása vasúti hídroncs Szeged 1964, Búvárkodás Szeged 1964, hidak